header

The boundaries of agreement (Record no. 212348)

MARC details
000 -LEADER
fixed length control field 01429nam a22003734a 4500
082 04 - DEWEY DECIMAL CLASSIFICATION NUMBER
Classification number 302.2/01
100 1# - MAIN ENTRY--AUTHOR NAME
Personal name Frank, Manfred,
245 14 - TITLE STATEMENT
Title The boundaries of agreement
260 ## - PUBLICATION, DISTRIBUTION, ETC. (IMPRINT)
Place of publication Aurora, CO :
Name of publisher Davies Group,
Year of publication 2005.
300 ## - PHYSICAL DESCRIPTION
Number of Pages 106 p.
490 1# - SERIES STATEMENT
Series statement Contemporary European cultural studies
650 #0 - SUBJECT ADDED ENTRY--TOPICAL TERM
Topical Term Communication
Topical Term Comprehension (Theory of knowledge)
856 40 - ELECTRONIC LOCATION AND ACCESS
Uniform Resource Identifier http://site.ebrary.com/lib/rucke/Doc?id=10124850

No items available.

© 2026 Rongo University
Contact us: librarian | system librarian | Rongo university